| 000 | 00702nam a2200217 a 4500 | ||
|---|---|---|---|
| 999 |
_c7973 _d7973 |
||
| 001 | 7973 | ||
| 003 | BD-JhCC | ||
| 005 | 20180217102612.0 | ||
| 008 | 180217b1995 bg |||| ||a| 000 0 ben d | ||
| 035 | _a(BD-JhCC)7973 | ||
| 040 |
_aBD-JhCC _dBD-JhCC |
||
| 041 | _aben | ||
| 082 |
_a780.95492 _bCHO 1995 |
||
| 100 | _aচৌধুরী, আলিমুজ্জামান | ||
| 245 |
_aও নয়ান পাখী রে / _cআলিমুজ্জামান চৌধুরী |
||
| 260 |
_aঢাকা : _bবাংলাদেশ শিল্পকলা একাডেমী. _c1995. |
||
| 300 |
_a136 p. : _c22 cm. |
||
| 650 | _aBengali Musick | ||
| 942 |
_2ddc _cBK |
||